| Tag |
First Indicator |
Second Indicator |
Subfields |
| LEADER |
00000pam a2200000 a 4500 |
| 001 |
in00000586113 |
| 005 |
20151014081128.0 |
| 008 |
860423s1985 caua j 00011 eng |
| 010 |
|
|
|a 86045416
|
| 020 |
|
|
|a 0152005307
|
| 035 |
|
|
|a (OCoLC)13560139
|
| 035 |
|
|
|9 ACP9947AM
|
| 040 |
|
|
|a DLC
|c DLC
|d m/c
|d TXA
|d UtOrBLW
|
| 049 |
|
|
|a [Curr Col] TXAM
|c [A10040130]
|
| 050 |
0 |
0 |
|a PZ7.M43543
|b Mi 1985
|
| 082 |
0 |
|
|a [Fic]
|2 19
|
| 100 |
1 |
|
|a Mattingley, Christobel.
|
| 245 |
1 |
4 |
|a The miracle tree /
|c Christobel Mattingley ; illustrated by Marianne Yamaguchi.
|
| 250 |
|
|
|a 1st ed.
|
| 264 |
|
1 |
|a San Diego :
|b Harcourt Brace Jovanovich,
|c [1985]
|
| 264 |
|
4 |
|c ©1985
|
| 300 |
|
|
|a 30 unnumbered pages :
|b illustrations ;
|c 27 cm.
|
| 336 |
|
|
|a text
|b txt
|2 rdacontent
|
| 337 |
|
|
|a unmediated
|b n
|2 rdamedia
|
| 338 |
|
|
|a volume
|b nc
|2 rdacarrier
|
| 500 |
|
|
|a "Gulliver books."
|
| 520 |
|
|
|a Separated by the explosion of the atomic bomb, a husband, wife, and mother carry on with their lives in the ruins of Nagasaki and are eventually reunited one Christmas by a very special tree.
|
| 650 |
|
1 |
|a Christmas
|x Fiction.
|
| 650 |
|
1 |
|a Trees
|x Fiction.
|
| 651 |
|
1 |
|a Nagasaki-shi (Japan)
|x History
|y Bombardment, 1945
|x Fiction.
|
| 700 |
1 |
|
|a Yamaguchi, Marianne.
|
| 999 |
|
|
|a MARS
|
| 999 |
f |
f |
|s 4c232323-07d4-3fbe-b390-9d740f9ec056
|i d85b5e3c-ef3e-367b-8f1f-5d6fc96d66a4
|t 0
|
| 952 |
f |
f |
|p normal
|a Texas A&M University
|b College Station
|c Sterling C. Evans Library
|d Evans: Curriculum Collection (4th floor)
|t 0
|e PZ7.M43543 Mi 1985
|h Library of Congress classification
|i unmediated -- volume
|m A14810040130
|
| 998 |
f |
f |
|a PZ7.M43543 Mi 1985
|t 0
|l Evans: Curriculum Collection (4th floor)
|